[Event "AUTO-INT-2679"]
[Site "http://www.queenalice.com/game.php?id=1199565"]
[Date "2013.7.13"]
[Round "1"]
[White "bg"]
[Black "louni"]
[Result "1-0"]
[WhiteElo "1699"]
[BlackElo "1636"]

1. e4 e5 2. d4 exd4 3. c3 dxc3 4. Bc4 cxb2 5. Bxb2 d5 6. exd5 Qe7+ 7. Ne2 Qb4+
8. Nd2 Qxb2 9. O-O Bb4 10. Nb3 Qe5 11. a3 Bc3 12. Nxc3 Qxc3 13. Qe2+ Ne7 14. Nc5
Qd4 15. Nb3 Qf6 16. Rfe1 c6 17. Rad1 b5 18. Bxb5 Kf8 19. dxc6 g6 20. c7 Kg7 21.
Rd8 Rxd8 22. cxd8=Q 1-0

[Event "Challenge"]
[Site "http://www.queenalice.com/game.php?id=1201705"]
[Date "2013.7.21"]
[Round "-"]
[White "nuage"]
[Black "louni"]
[Result "0-1"]
[WhiteElo "1714"]
[BlackElo "1639"]

1. Nf3 c5 2. d3 d5 3. g3 Nc6 4. Bg2 e5 5. O-O Bd6 6. Nbd2 f6 7. c4 d4 8. Ne4 Be7
9. Rb1 f5 10. Ned2 Be6 11. Nb3 h6 12. Nh4 Bxh4 13. gxh4 Qd6 14. e4 Nf6 15. exf5
Bxf5 16. Re1 O-O 17. Bxc6 bxc6 18. Na5 e4 19. dxe4 Bxe4 20. Nb7 Qe7 21. Na5 Qd8
22. Nxc6 Bxc6 23. Re5 Be4 24. Ra1 Qd6 25. Bf4 Qc6 26. Qb3 Rab8 27. Qa3 Rb7 28.
Qg3 Nd7 29. Re7 Qf6 30. Rxe4 Rxb2 31. a4 Rc2 32. Bd6 Qxf2+ 33. Qxf2 Rfxf2 34.
Re8+ Kh7 35. Bg3 Rce2 36. Rxe2 Rxe2 37. Bd6 Rc2 38. Re1 d3 39. Rd1 Rxc4 40. Rxd3
Rxa4 41. Be7 Rd4 42. Ra3 Re4 43. Bd6 Rxh4 44. Rxa7 Rg4+ 45. Bg3 Rd4 46. Bf2 Rd5
47. Rc7 g6 48. Kg2 g5 49. Kg3 Kg6 50. h3 h5 51. Rc6+ Kf5 52. Kf3 g4+ 53. Kg3
Rd3+ 54. Kh2 Rxh3+ 55. Kg2 Rc3 56. Rc7 Ne5 57. Bxc5 Nd3 58. Rf7+ Kg6 59. Rf3
Ne1+ 0-1

[Event "AUTO-OPEN-3052"]
[Site "http://www.queenalice.com/game.php?id=1206809"]
[Date "2013.8.10"]
[Round "1"]
[White "AlBadahh"]
[Black "louni"]
[Result "1-0"]
[WhiteElo "1929"]
[BlackElo "1686"]

1. d4 Nf6 2. c4 e6 3. Nf3 Bb4+ 4. Nbd2 Ne4 5. a3 Bxd2+ 6. Nxd2 Nxd2 7. Bxd2 d5
8. Rc1 O-O 9. Qc2 c6 10. e4 Nd7 11. Bd3 a6 12. exd5 exd5 13. Bxh7+ Kh8 14. O-O
Nf6 15. Bd3 dxc4 16. Qxc4 Be6 17. Qc5 Rc8 18. Rfe1 Qd5 19. Qxd5 Bxd5 20. Bg5 Nh7
21. Be7 Rfe8 22. Re3 Rc7 23. Rce1 Be6 24. Bd6 Rd7 25. Be5 f6 26. Bg3 Rde7 27.
Bg6 1-0

[Event "AUTO-OPEN-3052"]
[Site "http://www.queenalice.com/game.php?id=1206810"]
[Date "2013.8.10"]
[Round "1"]
[White "louni"]
[Black "AlBadahh"]
[Result "0-1"]
[WhiteElo "1639"]
[BlackElo "1988"]

1. e4 e5 2. Nf3 Nc6 3. Bb5 Nf6 4. O-O Nxe4 5. Bxc6 dxc6 6. Nxe5 Be7 7. Qf3 Nd6
8. c4 O-O 9. c5 Nf5 10. Qd3 Bxc5 11. Qxd8 Rxd8 12. Nc3 Nd4 13. Re1 Nc2 0-1

[Event "AUTO-OPEN-3052"]
[Site "http://www.queenalice.com/game.php?id=1206833"]
[Date "2013.8.10"]
[Round "1"]
[White "louni"]
[Black "askasl159"]
[Result "0-1"]
[WhiteElo "1671"]
[BlackElo "1771"]

1. e4 e5 2. Nf3 Nc6 3. Bb5 a6 4. Ba4 b5 5. Bb3 Bb7 6. O-O Bc5 7. d3 h6 8. c3 Nf6
9. d4 exd4 10. cxd4 Ba7 11. d5 Na5 12. Qd3 Nxb3 13. Qxb3 O-O 14. Re1 Re8 15. Nc3
d6 16. h3 c6 17. Be3 cxd5 18. exd5 Bxe3 19. Rxe3 Rxe3 20. fxe3 Qe7 21. Re1 Ne4
22. Nxe4 Qxe4 23. Rd1 Rc8 24. Rd4 Qf5 25. e4 Qf4 26. Kf2 Rc5 27. Qe3 Rc2+ 28.
Rd2 Rxd2+ 29. Qxd2 Qxe4 30. Qf4 Qxd5 31. b3 Qc6 32. Qd2 Qc5+ 33. Nd4 Qe5 34. Ne2
d5 35. Kg1 Qe8 36. Nf4 Qe5 37. Nd3 Qd4+ 38. Kh1 Qe4 39. Nc5 Qe7 40. b4 a5 41. a3
Ba8 42. Qf2 axb4 43. axb4 Qe5 44. Nd7 Qc3 45. Nb6 Bb7 46. Qf4 d4 47. Qb8+ Kh7
48. Qxb7 d3 49. Qe4+ g6 50. h4 d2 0-1

[Event "AUTO-OPEN-3052"]
[Site "http://www.queenalice.com/game.php?id=1206834"]
[Date "2013.8.10"]
[Round "1"]
[White "askasl159"]
[Black "louni"]
[Result "0-1"]
[WhiteElo "1822"]
[BlackElo "1658"]

1. e4 e5 2. f4 exf4 3. Nf3 g5 4. h3 Bg7 5. d4 Nc6 6. Bc4 Qe7 7. Qe2 Nxd4 8. Nxd4
Bxd4 9. c3 Be5 10. Nd2 b6 11. Nf3 f6 12. Bxg8 Rxg8 13. Qc4 Qf7 14. Nxe5 fxe5 15.
Qxc7 Qe6 16. b3 Qc6 17. Qxc6 dxc6 18. Ba3 Be6 19. O-O-O Rd8 20. Rxd8+ Kxd8 21.
Bd6 Re8 22. Bxe5 Kc8 23. Bf6 h6 24. Rd1 Bd7 25. e5 Re6 26. Rd3 b5 27. g3 fxg3
28. Rxg3 c5 29. Re3 a6 30. Re4 Bc6 31. Rg4 Be8 32. h4 Bh5 33. Re4 Bg6 34. Re1 g4
35. Rd1 h5 36. Rd8+ Kc7 37. Rg8 Be4 38. Rg5 Re8 39. Kd2 Bf3 40. Rg6 Kc8 41. Ke3
Kd7 42. Kf4 Ke6 43. Bh8+ Kf7 44. Rh6 Rg8 45. e6+ Ke7 46. b4 c4 47. Kf5 g3 48.
Rh7+ Ke8 49. Be5 Bg4+ 50. Kf4 g2 51. Bd4 Bxe6 52. Rxh5 Rg4+ 53. Ke5 Rxd4 54.
Kxd4 g1=Q+ 55. Ke5 Qg6 56. Rh8+ Kf7 57. Ra8 Qg3+ 58. Kd4 Qd3+ 59. Kc5 Qd5+ 60.
Kb6 Qxa8 61. Ka5 Bc8 62. h5 Qc6 0-1

[Event "AUTO-OPEN-3052"]
[Site "http://www.queenalice.com/game.php?id=1206835"]
[Date "2013.8.10"]
[Round "1"]
[White "louni"]
[Black "TorresR"]
[Result "1/2-1/2"]
[WhiteElo "1658"]
[BlackElo "1750"]

1. e4 e5 2. Nf3 Nf6 3. Nxe5 Nc6 4. Nxc6 dxc6 5. Bd3 Bc5 6. h3 Qd4 7. Qe2 Nh5 8.
c3 Qf6 9. O-O Nf4 10. Qf3 Nxd3 11. Qxd3 Bd6 12. f3 O-O 13. Re1 Qh4 14. Qe2 Bxh3
15. e5 Rfe8 16. Qf2 Qg5 17. d4 Qg6 18. Kf1 Bf5 19. Bf4 Bd3+ 20. Kg1 Be7 21. Rd1
Bf5 22. Kf1 Qh5 23. g4 Bxg4 24. fxg4 Qxg4 25. Nd2 Bh4 26. Qf3 Qf5 27. Qe4 Qg4
28. Qf3 Qf5 29. Qe4 Qh3+ 30. Qg2 Qd3+ 31. Qe2 Qf5 32. Qf3 1/2-1/2

[Event "AUTO-OPEN-3052"]
[Site "http://www.queenalice.com/game.php?id=1206836"]
[Date "2013.8.10"]
[Round "1"]
[White "TorresR"]
[Black "louni"]
[Result "1-0"]
[WhiteElo "1803"]
[BlackElo "1686"]

1. e4 e5 2. d4 exd4 3. c3 d5 4. cxd4 Bb4+ 5. Bd2 Bxd2+ 6. Nxd2 Qe7 7. e5 Qb4 8.
a3 Qxd4 9. Ngf3 Qxb2 10. Rb1 Qxa3 11. Nd4 Qc3 12. Qa4+ Bd7 13. Bb5 a6 14. e6
fxe6 15. Bxd7+ Nxd7 16. Nb5 Qe5+ 17. Kd1 c6 18. Nf3 Qb8 19. Nbd4 e5 20. Nxc6 Qd6
21. Rxb7 Nc5 22. Qg4 Qxc6 23. Qh5+ Qg6 24. Qxe5+ Kf8 25. Rb8+ Rxb8 26. Qxb8+ Qe8
27. Qd6+ Qe7 28. Qb8+ Kf7 29. Re1 Ne4 30. Ne5+ Ke6 31. f3 Qd6 32. Qxd6+ Kxd6 33.
Nf7+ Kd7 34. Nxh8 Nc3+ 35. Kc2 Nb5 36. Nf7 Nc7 37. Kb3 Ne7 38. g4 Ne6 39. Ka4
Nc7 40. Kb4 Ke8 41. Nd6+ Kd7 42. Kc5 Ng6 43. Nf5 Nf4 44. Re7+ Kd8 45. Kd6 Nb5+
46. Kc6 Na7+ 47. Kb7 g6 48. Rxh7 gxf5 49. Kxa7 a5 50. gxf5 Ke8 51. f6 d4 52. Kb7
d3 53. f7+ Kf8 54. Rh4 d2 55. Rh8+ Kxf7 56. Rd8 1-0

[Event "Challenge"]
[Site "http://www.queenalice.com/game.php?id=1220551"]
[Date "2013.9.27"]
[Round "-"]
[White "nuage"]
[Black "louni"]
[Result "1-0"]
[WhiteElo "1652"]
[BlackElo "1675"]

1. Nf3 d5 2. d3 Bf5 3. g3 Nc6 4. Bg2 e5 5. O-O Bd6 6. e4 dxe4 7. Nh4 Qf6 8. dxe4
Be6 9. Nc3 g5 10. Nf3 g4 11. Nh4 Bc4 12. Re1 Bc5 13. Be3 Nd4 14. Na4 Bb6 15.
Nxb6 Qxb6 16. c3 O-O-O 17. cxd4 exd4 18. Bf4 Qxb2 19. a4 Bb3 20. Qxg4+ Be6 21.
Qg7 Ne7 22. Rec1 Nc6 23. Nf3 Rdg8 24. Qf6 Qb4 25. Ne5 Qb6 26. Rab1 Qa6 27. Nxc6
bxc6 28. Qe5 1-0

[Event "AUTO-INT-2645"]
[Site "http://www.queenalice.com/game.php?id=1226392"]
[Date "2013.10.22"]
[Round "2"]
[White "renet54"]
[Black "louni"]
[Result "1-0"]
[WhiteElo "1564"]
[BlackElo "1659"]

1. e4 e5 2. Nf3 Nc6 3. Bb5 a6 4. Ba4 Nf6 5. O-O b5 6. Bb3 Nxe4 7. Qe2 f5 8. d3
Nd4 9. Nxd4 exd4 10. f3 Qe7 11. fxe4 g6 12. Bd2 Bb7 13. Ba5 O-O-O 14. Nd2 Bg7
15. Qf2 Rhf8 16. Qf4 Be5 17. Qf3 fxe4 18. Qe2 e3 19. Nf3 Rf6 20. a3 Rdf8 21. Bb4
c5 22. Ba5 1-0

[Event "AUTO-INT-2645"]
[Site "http://www.queenalice.com/game.php?id=1226393"]
[Date "2013.10.22"]
[Round "2"]
[White "louni"]
[Black "renet54"]
[Result "1-0"]
[WhiteElo "1681"]
[BlackElo "1546"]

1. e4 e5 2. Bc4 Nf6 3. d4 exd4 4. Qxd4 Nc6 5. Qe3 b6 6. e5 Bc5 7. Qf4 d5 8. exf6
dxc4 9. fxg7 Rg8 10. Qe4+ Qe7 11. Qxe7+ Nxe7 12. Bh6 Be6 13. Nc3 Nf5 14. Nb5 Rd8
15. Nxc7+ Ke7 16. Nxe6 Kxe6 17. Bg5 Rd5 18. Nf3 Rxg7 19. O-O h6 20. Rae1+ Ne3
21. Bxe3 Bxe3 22. Rxe3+ Kd6 23. Re4 b5 24. Rd4 Kc5 25. Rxd5+ Kxd5 26. Re1 f5 27.
Re5+ Kd6 28. h3 a6 29. Rxf5 Ke6 30. Nd4+ Kd6 31. c3 Re7 32. Rf6+ Ke5 33. Nc6+
1-0

[Event "AUTO-INT-2645"]
[Site "http://www.queenalice.com/game.php?id=1226396"]
[Date "2013.10.22"]
[Round "2"]
[White "louni"]
[Black "tango2011"]
[Result "0-1"]
[WhiteElo "1622"]
[BlackElo "1620"]

1. e4 c5 2. Nf3 d6 3. d4 cxd4 4. Nxd4 e6 5. Nc3 Nf6 6. Bb5+ Bd7 7. O-O a6 8.
Bxd7+ Nbxd7 9. Be3 Rb8 10. Qe2 Be7 11. a3 O-O 12. b4 Rc8 13. Qd3 Ne5 14. Qd2 Nc4
15. Qe2 Ne5 0-1

[Event "AUTO-INT-2645"]
[Site "http://www.queenalice.com/game.php?id=1226397"]
[Date "2013.10.22"]
[Round "2"]
[White "tango2011"]
[Black "louni"]
[Result "1-0"]
[WhiteElo "1603"]
[BlackElo "1639"]

1. d4 d5 2. e3 Nf6 3. Nf3 Nc6 4. Bb5 Bd7 5. Bxc6 Bxc6 6. O-O Qd6 7. Ne5 O-O-O 8.
Nxf7 Qe6 9. Nxh8 g6 10. Qd3 Nd7 11. Nxg6 hxg6 12. Nd2 a6 13. Re1 Bb5 14. Qb3 Bg7
15. Qb4 Bf8 16. Nf3 Qb6 17. a4 e6 18. Qc3 Bc6 19. Ng5 Re8 20. Qd3 1-0

[Event "AUTO-INT-2840"]
[Site "http://www.queenalice.com/game.php?id=1274045"]
[Date "2014.4.18"]
[Round "1"]
[White "piemme"]
[Black "louni"]
[Result "0-1"]
[WhiteElo "1614"]
[BlackElo "1617"]

1. e4 e5 2. Qh5 Nf6 3. Qxe5+ Be7 4. d3 d6 5. Qg3 Nh5 6. Qf3 g6 7. d4 Nd7 8. Bc4
O-O 9. Bh6 Ng7 10. c3 Nb6 11. Qd3 Nxc4 12. Qxc4 Qd7 13. d5 Qg4 14. Qd4 f6 15. g3
c5 16. dxc6 bxc6 17. Nd2 Qh5 18. Bxg7 Kxg7 19. Ngf3 Bg4 20. O-O Bxf3 21. Nxf3
Qxf3 22. Rfe1 c5 23. Qd5 Rab8 24. Re3 Qg4 25. c4 Rxb2 26. f3 Qh3 27. Rf1 Qxh2#
0-1

[Event "AUTO-INT-2840"]
[Site "http://www.queenalice.com/game.php?id=1274046"]
[Date "2014.4.18"]
[Round "1"]
[White "louni"]
[Black "piemme"]
[Result "0-1"]
[WhiteElo "1658"]
[BlackElo "1588"]

1. e4 e5 2. Nf3 d6 3. Bc4 h6 4. c3 a6 5. d4 exd4 6. Qxd4 c5 7. Qd5 Nf6 8. Qd3 b5
9. Bd5 Ra7 10. e5 c4 11. Qd4 Re7 12. O-O dxe5 13. Nxe5 Qxd5 14. Qb6 Qxe5 15. f4
Qc7 16. Qxc7 Rxc7 17. Re1+ Be7 18. Nd2 O-O 19. Nf3 Bg4 20. Nd4 Bc5 21. Be3 Ne4
22. b4 Bxd4 23. Bxd4 Bf5 24. Be3 Nxc3 25. Bc5 Rfc8 26. Re5 Be6 27. f5 Bd7 28. a3
Rc6 29. Re3 Nd5 30. Re5 Nf6 31. h3 Re8 32. Rae1 Rxe5 33. Rxe5 Bc8 34. g4 Nbd7
0-1

[Event "AUTO-INT-2840"]
[Site "http://www.queenalice.com/game.php?id=1274051"]
[Date "2014.4.18"]
[Round "1"]
[White "Leovitor"]
[Black "louni"]
[Result "0-1"]
[WhiteElo "1552"]
[BlackElo "1646"]

1. e4 e5 2. Nf3 Nc6 3. Nc3 Nf6 4. Bc4 Bc5 5. O-O d6 6. d3 Ng4 7. h3 Nf6 8. Na4
Na5 9. Nxc5 Nxc4 10. Nb3 Nb6 11. Be3 h6 12. d4 Qe7 13. dxe5 dxe5 14. Bxb6 axb6
15. Nbd2 Be6 16. Nh2 Rd8 17. c3 Bc4 18. Qc2 Bxf1 19. Rxf1 O-O 20. f4 Nd7 21. f5
Qc5+ 22. Kh1 Qd6 23. Ndf3 Qc6 24. Ng4 Nc5 25. Nfxe5 Qxe4 26. Qxe4 Nxe4 27. f6
Ng3+ 0-1

[Event "AUTO-INT-2840"]
[Site "http://www.queenalice.com/game.php?id=1274052"]
[Date "2014.4.18"]
[Round "1"]
[White "louni"]
[Black "Leovitor"]
[Result "1-0"]
[WhiteElo "1633"]
[BlackElo "1565"]

1. e4 c6 2. d4 d5 3. Bd3 dxe4 4. Bxe4 Nf6 5. Bf3 Bf5 6. g4 Bd7 7. Bf4 e6 8. Nc3
Bb4 9. Ne2 O-O 10. g5 Ne8 11. a3 Be7 12. Qd3 Na6 13. Be4 g6 14. O-O-O Bd6 15. h4
Bxf4+ 16. Nxf4 Nd6 17. f3 Nxe4 18. fxe4 Nc7 19. e5 Nd5 20. Ncxd5 cxd5 21. Rdg1
Rc8 22. h5 Qc7 23. hxg6 hxg6 24. Nxg6 Rfe8 25. Rh8+ Kg7 26. Rh6 Ba4 27. b3 Bd7
28. Ne7 Kf8 29. Ng6+ Kg7 30. Rgh1 1-0

[Event "AUTO-INT-2873"]
[Site "http://www.queenalice.com/game.php?id=1290793"]
[Date "2014.6.27"]
[Round "1"]
[White "louni"]
[Black "Huevo"]
[Result "0-1"]
[WhiteElo "1610"]
[BlackElo "1724"]

1. e4 c5 2. Nf3 d6 3. d4 cxd4 4. Nxd4 Bd7 5. Bc4 Nf6 6. O-O e6 7. Qe2 Nc6 8. Nc3
Be7 9. f3 Nxd4 10. Qd3 Nc6 11. a3 Ne5 0-1

[Event "AUTO-INT-2873"]
[Site "http://www.queenalice.com/game.php?id=1290794"]
[Date "2014.6.27"]
[Round "1"]
[White "Huevo"]
[Black "louni"]
[Result "1-0"]
[WhiteElo "1712"]
[BlackElo "1622"]

1. e4 e5 2. Nf3 Nc6 3. Bb5 a6 4. Ba4 b5 5. Bb3 Bb7 6. d3 Nf6 7. Nc3 h6 8. O-O d6
9. Be3 b4 10. Nd5 Nxd5 11. Bxd5 1-0